000 00314 a2200121 4500
000 nam a22 7a 4500
005 20260507152729.0
020 _a9789393232588
100 _aUpadhyay, Karunasankar
_91238787
245 _aOperation Sindoor anjane sandarbh
260 _bSamayik Prakashan
_c2024
942 _cTEXL
999 _c1851118
_d1851118